00327pam a2200121 a 4500020002400000041000500024082001000029100003900039245007000078250001200148260003700160300000800197 a978-81-224-3323-4c h a518.6 aJain M.K. & Iyengar S.R.K.eAuthor aNumerical MethodscJain M.K. & Iyengar S.R.K.hTextual Documents  a6th Ed. bNew Age Omtermatopmal Pub.c2012 a722